| 000 | 01093nam a2200325 i 4500 | ||
|---|---|---|---|
| 001 | 000048313 | ||
| 003 | DO-SdBNP | ||
| 005 | 20250808145845.0 | ||
| 007 | ta | ||
| 008 | 190122s2015 pr r 000 0 spa d | ||
| 020 | _a9789945581492 | ||
| 040 |
_aDO-SdBNP _bspa _cBNPHU _erda |
||
| 041 | _aspa | ||
| 082 | 4 |
_a863.44 _bR114a _222 |
|
| 100 | 1 |
_aRabelo Cartagena, José A., _d1963- _eautor _4aut. _957213 |
|
| 245 | 1 | 0 |
_aAzábara : _bNovela / _cJosé Rabelo ; corrección, Awilda Cáez, Ana María Fuster Lavín |
| 264 | 4 |
_aSan Juan, Puerto Rico : _bEditorial Isla Negra, _c©2015. |
|
| 300 |
_a155 páginas ; _c22 cm. |
||
| 336 |
_atexto _btxt _2rdacontent |
||
| 337 |
_asin mediación _bn _2rdamedia |
||
| 338 |
_avolumen _bnc _2rdacarrier |
||
| 490 | _aLa montaña de papel | ||
| 590 | _aInventariado, 2019 / DG | ||
| 650 | 4 |
_aNovela dominicana _9223 |
|
| 650 | 4 |
_aLiteratura dominicana. _967 |
|
| 700 | 1 |
_aCáez, Awilda, _ecorrector _4corr. _978266 |
|
| 700 | 1 |
_aFuster Lavín, Ana María, _ecorrector _4corr. _975628 |
|
| 910 | _aDG. Validado. Control de calidad/MAA | ||
| 942 |
_2ddc _cLBS1 |
||
| 999 |
_c47801 _d47801 |
||